Normal view
MARC view
- Supervisor by DR. FAHAD MUMTAZ MALIK
Entry Personal Name
001 - CONTROL NUMBER
- control field: 70016
003 - CONTROL NUMBER IDENTIFIER
- control field: NUST
005 - DATE AND TIME OF LATEST TRANSACTION
- control field: 20210628204341.0
008 - FIXED-LENGTH DATA ELEMENTS
- fixed length control field: 210628|| aca||aabn | a|a d
040 ## - CATALOGING SOURCE
- Original cataloging agency: NUST
- Transcribing agency: NUST
100 ## - HEADING--PERSONAL NAME
- Personal name: Supervisor by DR. FAHAD MUMTAZ MALIK
670 ## - SOURCE DATA FOUND
- Source citation: Work cat.: (NUST): NIAZ MEHDI 70015, TH-SOF-1386-PHD ELECT-NIAZ MEHDI-DESIGN AND IMPLEMENTATION OF ANTI-WINDUP, 2017
